000 01932cam a2200301Ia 4500
001 5314464
003 DFRGTYH
005 20220326193248.0
008 050511s2005 gt b 001 0 spa d
020 _a9992261382
035 _a(OCoLC)ocm60341856
035 _a(NNC)5314464
040 _aNHM
_cNHM
043 _anc-----
082 _a972.8
_bC336r
090 _aF1430
_b.C38 2005
100 1 _aCasaús Arzú, Marta y Garcia Giraldez, Teresa
_9335
245 1 4 _aLas redes intelectuales centroamericanas :
_bun siglo de imaginarios nacionales (1820-1920)
_cMarta Elena Casaús Arzú, Teresa García Giráldez.
260 _aGuatemala :
_bF&G,
_c2005.
300 _avii, 325 p. ;
_c24 cm.
_bill (some color)
504 _aIncludes bibliographical references (p. 297-315) and index.
505 0 _aIntroducción: Las elites intelectuales de Centroamérica en el paso de siglo: entre el positivismo racialista y el espiritualismo nacionalista -- El debate sobre la nación y sus formas en el pensamiento político del siglo XIX / Teresa García Giráldez -- La creación de nuevos espacios públicos a principios del siglo XX: la influencia de redes intelectuales teosóficas en la opinión pública centroamericana (1920-1930) / Marta Elena Casaús Arzú -- La patria grande centroamericana: la elaboración del proyecto nacional por las redes unionistas / Teresa García Giráldez -- El indio, la nación, la opinión pública y el espiritualismo nacionalista: los debates de 1929 / Marta Elena Casaús Arzú -- La generación del 20 en Guatemala y sus imaginarios de nación (1920-1940) / Marta Elena Casaús Arzú.
650 0 _aIntellectuals
_zCentral America
_xHistory.
_9336
651 0 _aCentral America
_xIntellectual life.
_9337
654 _xintelectuales-Centroamerica-historia
_xcaracteristicas nacionales-Centroamerica
_xnacionalismo-Centroamerica-historia
700 1 _aGarcía Giráldez, Teresa.
_9338
999 _c67
_d67